000 01144cad a22002415a 4500
001 E148195
008 090818e20090814xxkd f s 000 0 eng d
035 _a(Sirsi) u148195
041 0 _aeng
050 0 4 _a333.33 $2 18
110 2 _aRoyal Institution of Chartered Surveyors
_bEconomics
_95033
245 0 0 _aRICS global real estate weekly
_b14 August 2009
_h[electronic resource]
260 _aLondon
_bRICS
_c2009
490 0 _aRICS Global Real Estate Weekly
_v14 August 2009
520 _aReports that US housing starts have risen for the second consecutive quarter, and that falls in construction spending in Japan will ease. Also looks at Euro area business sentiment and the commercial property market, and suggests that the US housing market is improving very gradually.
590 _aKA
650 2 4 _aRICS GLOBAL REAL ESTATE WEEKLY
651 4 _aInternational
690 _aBUILT ENVIRONMENT-CONSTRUCTION MARKET
690 _aPROPERTY-COMMERCIAL PROPERTY-COMMERCIAL PROPERTY MARKET
856 4 0 _uhttps://www.rics.org/RICSWEB/getpage.aspx?p=AAYoG7sDs0atN-4tDGFK1A
_zView this item free of charge at www.rics.org...
942 _n0
999 _c109946
_d109946